Human destiny (Record no. 516898)

000 -LEADER
fixed length control field 00241nam a22000977a 4500
082 ## - DEWEY DECIMAL CLASSIFICATION NUMBER
Classification number TNC BA27 L496
100 ## - MAIN ENTRY--PERSONAL NAME
Personal name Lecomte, du Nouy
9 (RLIN) 23731
245 ## - TITLE STATEMENT
Title Human destiny
Statement of responsibility, etc By Lecomte du Nouy
260 ## - PUBLICATION, DISTRIBUTION, ETC. (IMPRINT)
Place of publication, distribution, etc New York
Name of publisher, distributor, etc Longmans
Date of publication, distribution, etc 1947
300 ## - PHYSICAL DESCRIPTION
Extent 289p.
Holdings
Withdrawn status Lost status Source of classification or shelving scheme Damaged status Koha normalized classification for sorting Not for loan Permanent location Current location Date acquired Full call number Barcode Date last seen Price effective from Koha item type
        TNC_BA27_L496   Indian Institute of Public Administration Indian Institute of Public Administration 2021-03-22 TNC BA27 L496 GR23372 2021-03-22 2021-03-22 GR

Powered by Koha